Aulton's pharmaceutics: the design and manufacture of medicines. (3rd ed.) (Record no. 63695)
[ view plain ]
| 000 -LEADER | |
|---|---|
| fixed length control field | 00872nam a2200181 a 4500 |
| 008 - FIXED-LENGTH DATA ELEMENTS--GENERAL INFORMATION | |
| fixed length control field | 150220s2007 ||||||||||||||||| || u |
| 020 ## - INTERNATIONAL STANDARD BOOK NUMBER | |
| International Standard Book Number | 9780443101083 |
| 050 ## - LIBRARY OF CONGRESS CALL NUMBER | |
| Classification number | RS 403 Aul |
| 100 ## - MAIN ENTRY--PERSONAL NAME | |
| Personal name | Aulton, Michael E |
| 245 10 - TITLE STATEMENT | |
| Title | Aulton's pharmaceutics: the design and manufacture of medicines. (3rd ed.) |
| Statement of responsibility, etc. | Edited by Michael E. Aulton |
| 250 ## - EDITION STATEMENT | |
| Edition statement | 3rd ed. |
| 260 ## - PUBLICATION, DISTRIBUTION, ETC. | |
| Place of publication, distribution, etc. | Edinburgh |
| Name of publisher, distributor, etc. | Churchill Livingstone/Elsevier |
| Date of publication, distribution, etc. | 2007 |
| 300 ## - PHYSICAL DESCRIPTION | |
| Extent | x, 717p.: ill. |
| 350 ## - | |
| -- | 81.95 |
| 650 ## - SUBJECT ADDED ENTRY--TOPICAL TERM | |
| Topical term or geographic name entry element | PHARMACEUTICAL CHEMISTY |
| 995 ## - | |
| -- | MEDICAL LIBRARY OPEN ACCESS |
| -- | 902845 |
| -- | CBU-SCHOOL OF MEDICINE LIBRARY (Ndola) |
| -- | 81.95 |
| -- | RS 403 Aul |
| -- | 1 |
| -- | AVAILABLE |
| -- | Mar 5, 2015 |
| -- | 902845 |
| -- | Medical Library Open Access Collection |
| 995 ## - | |
| -- | MEDICAL LIBRARY OPEN ACCESS |
| -- | 902846 |
| -- | CBU-SCHOOL OF MEDICINE LIBRARY (Ndola) |
| -- | 81.95 |
| -- | RS 403 Aul |
| -- | 2 |
| -- | AVAILABLE |
| -- | Mar 5, 2015 |
| -- | 902846 |
| -- | Medical Library Open Access Collection |
| 999 ## - | |
| -- | 63695 |
| -- | 63695 |
| Withdrawn status | Lost status | Source of classification or shelving scheme | Damaged status | Not for loan | Permanent Location | Current Location | Shelving location | Date acquired | Total Checkouts | Full call number | Barcode | Date last seen | Copy number | Price effective from | Koha item type |
|---|---|---|---|---|---|---|---|---|---|---|---|---|---|---|---|
| CBU-SCHOOL OF MEDICINE LIBRARY, NDOLA. | CBU-SCHOOL OF MEDICINE LIBRARY, NDOLA. | 01/25/2023 | RS 403 Aul | 902845 | 01/25/2023 | 1 | 01/25/2023 | MONOGRAPH | |||||||
| CBU-SCHOOL OF MEDICINE LIBRARY, NDOLA. | CBU-SCHOOL OF MEDICINE LIBRARY, NDOLA. | 01/25/2023 | RS 403 Aul | 902846 | 01/25/2023 | 2 | 01/25/2023 | MONOGRAPH |